000 00560nam a2200181Ia 4500
008 100917s9999 xx 000 0 und d
082 _b14529
100 _aजोशी रं. वि.
245 _aचंद्रसेन आणि लीलावती
260 _b---
_c1891
300 _a329
365 _b1.75
520 _aकादंबरी
630 _aचंद्रसेन आणि लीलावती
650 _aकादंबरी
730 _aचंद्रसेन आणि लीलावती
942 _cBOOK
999 _c619923
_d619920